000
00301nam a22001337a 4500
008
171003b xxu||||| |||| 00| 0 eng d
020
_a
0137344503
041
_a
eng
080
_2
6TH
_a
159.9
100
_a
48
101
_a
PSI
245
_a
PSYCHOLOGY AN INTRODUCTION
_c
MORRIS,CH.G
942
_2
udc
_c
BK
999
_c
31344
_d
31344